The Yenan way

সংরক্ষণ করুন:
গ্রন্থ-পঞ্জীর বিবরন
প্রধান লেখক: Ravines, Eudocio
বিন্যাস: গ্রন্থ
ভাষা:Undetermined
প্রকাশিত: New York Charles Scribner's Sons 1951
বিষয়গুলি:
ট্যাগগুলো: ট্যাগ যুক্ত করুন
কোনো ট্যাগ নেই, প্রথমজন হিসাবে ট্যাগ করুন!
Thư viện lưu trữ: Trung tâm Học liệu Trường Đại học Cần Thơ
LEADER 00489nam a2200193Ia 4500
001 CTU_86812
008 210402s9999 xx 000 0 und d
082 |a 335.4 
082 |b R256 
100 |a Ravines, Eudocio 
245 4 |a The Yenan way 
245 0 |c Eudocio Ravines 
260 |a New York 
260 |b Charles Scribner's Sons 
260 |c 1951 
650 |a Communism 
650 |z Latin america 
904 |i Mai Loan 
980 |a Trung tâm Học liệu Trường Đại học Cần Thơ